Statistics for Movie Poster Mix-Up #7

Click here to take the quiz!

General Stats

  • This quiz has been taken 640 times
  • The average score is 4 of 12

Answer Stats

Answer% Correct
Hellraiser
63%
The Great Mouse Detective
47%
She's the Man
42%
Limitless
37%
Scent of a Woman
34%
American Gangster
32%
Once Upon A Time In America
31%
The Best Exotic Marigold Hotel
27%
Munich
26%
Soylent Green
23%
The Walk
21%
Ed Wood
20%

Score Distribution

Percentile by Number Answered

Percent of People with Each Score

Your Score History

You have not taken this quiz